Rǧiminen Fiscal de la enajenacin̤ de acciones

Bibliographic Details
Main Author: Luna Guerra, Antonio
Format: eBook
Language:Spanish
Published: Mx̌ico D.F. : Ediciones Fiscales ISEF, 2011
Subjects:
Online Access:http://www.vlex.com/source/10976

MARC

LEADER 00000nam a22000007a 4500
005 20130404154558.0
007 cr|||| ||||
008 130404e2011 mx |||||s|||| 00||0 spa d
020 |a 978-607-406-259-5 
035 |a 10976 
040 |a vLex 
090 |c 4110  |d 4110 
100 1 0 |a Luna Guerra, Antonio 
245 1 0 |a Rǧiminen Fiscal de la enajenacin̤ de acciones  |c / Antonio Luna Guerra   |h [Recurso electrn̤ico] 
256 |a Servicio en ln̕ea 
260 |a Mx̌ico D.F. :  |b Ediciones Fiscales ISEF,   |c 2011 
300 |a 1 Recurso econm̤ico 
506 |a Contenido solo disponible en los productos indicados  |d vLex Global  |d vLex Global (Academic Edition, excluding Law Schools)  |d vLex Global (U.S. Academic Edition, Law Schools)  |d vLex Global (U.S. Academic Edition, excluding Law Schools)  |d vLex Global (Academic Edition, Law Schools) 
650 0 4 |a Derecho tributario  |z Mx̌ico 
650 0 4 |a Derecho mercantil y de la empresa  |z Mx̌ico 
650 0 4 |a Derecho cambiario y burst̀il  |z Mx̌ico 
740 |a vLex Libros (Servicio en ln̕ea) 
856 |a Acceso restringido  |u http://www.vlex.com/source/10976 
942 |c BOOK 
999 0 |a Taxation